00409nam a2200145Ia 4500008004100000020001800041041000800059082001900067100004900086245002100135250000600156260006500162300001500227650002100242210716s2015 xx 000 0 und d a9789352132492 aeng a005.30287 FITB aFitzpatrick, Brian W; Collins, Sussman, Ben. aDebugging teams. a1 aNew DelhibShroff Publishers and Distributors Pvt Ltdc2015 axxviii,159 aSoftware Testing